00682nam a2200169 a 450000100100000000500170001000800410002704000250006808200080009311001070010124500380020826001040024630000270035004900090037795201090038699900170049500002897020200930055241.0110412s1989 dr a 000 0 spa d aDO-SdBNPbspacBNPHU axxx1 aRepública DominicanabSecretaría de Estado de Deportes, Educación Física y Recreación93699710aSeminario internacional de boxeo. aSanto Domingo :bSecretaría de Estado de Deportes, Educación Física y Recreación,c[19--?]. a32 p. :bil. ;c19 cm. aBNPD 00107-18PDaPDbPDcOId2011-04-12iLF1l0oxxx p28970-10r2020-06-25w2020-06-25yLFPDZNo se presta c28462d28462